[Event "Sicilian Najdorf"]
[Site "SchemingMind.com"]
[Date "2009.06.18"]
[Round "-"]
[White "BogusAurelius"]
[Black "acbrasileiro"]
[Result "1-0"]
[WhiteCountry "USA"]
[BlackCountry "BRA"]
[WhiteElo "2390"]
[WhiteRD "80"]
[BlackElo "2057"]
[BlackRD "81"]
[GameID "208575"]

1. e4 c5 2. Nf3 d6 3. d4 cxd4 4. Nxd4 Nf6 5. Nc3 a6 6. Be3 e6 7. f3 Nc6 8. Be2 Be7 9. Qd2 O-O 10. O-O-O Nxd4
11. Bxd4 Nd7 12. a3 b5 13. h4 Bb7 14. h5 Rc8 15. h6 g6 16. Kb1 Ne5 17. f4 Nc4 18. Bxc4 Rxc4 19. Bg7 Re8 20. Qd3 Qc7
21. f5 exf5 22. exf5 Rc5 23. fxg6 fxg6 24. Rhe1 Rf5 25. g4 Rf3 26. Qe2 Rf7 27. Nd5 Bxd5 28. Rxd5 Qd7 29. Rd4 Rc8 30. Red1 Rc7
31. Re4 Qc6 32. Re1 Qb7 33. Qd3 Qc6 34. Bc3 Qc5 35. Re6 Qg5 36. Qd4 Rxc3 37. Qxc3 Bf8 38. Qh3 Rf2 39. Re8
1-0

[Event "Sicilian Najdorf"]
[Site "SchemingMind.com"]
[Date "2009.06.18"]
[Round "-"]
[White "badbishop"]
[Black "acbrasileiro"]
[Result "1-0"]
[WhiteCountry "POL"]
[BlackCountry "BRA"]
[WhiteElo "2234"]
[WhiteRD "74"]
[BlackElo "2110"]
[BlackRD "80"]
[GameID "208576"]

1. e4 c5 2. Nf3 d6 3. d4 cxd4 4. Nxd4 Nf6 5. Nc3 a6 6. f4 e6 7. Qf3 Nbd7 8. Be3 Qc7 9. g4 b5 10. g5 Ng8
11. Bd3 Nc5 12. a3 Nxd3+ 13. cxd3 Ne7 14. Rc1 Qd7 15. O-O Bb7 16. Nb3 Ng6 17. Na5 Rb8 18. Nxb7 Qxb7 19. d4 Be7 20. Qg3 Qd7
21. f5 Nf8 22. Rf2 b4 23. axb4 Rxb4 24. Rcf1 g6 25. fxe6 fxe6 26. Qf3 Kd8 27. Ra1 Qb7 28. Qf7 Rxb2 29. Qg7 Rxf2 30. Bxf2 Qb2
31. Rxa6 Qc1+ 32. Kg2 Qxg5+ 33. Bg3 Qf6 34. Ra8+ Kd7 35. Ra7+ Ke8 36. Rxe7+ Qxe7 37. Qxh8 Qg5 38. Kf2
1-0

[Event "Sicilian Najdorf"]
[Site "SchemingMind.com"]
[Date "2009.06.18"]
[Round "-"]
[White "thebirdolux"]
[Black "acbrasileiro"]
[Result "1-0"]
[WhiteCountry "USA"]
[BlackCountry "BRA"]
[WhiteElo "2415"]
[WhiteRD "70"]
[BlackElo "2057"]
[BlackRD "81"]
[GameID "208577"]

1. e4 c5 2. Nf3 d6 3. d4 cxd4 4. Nxd4 Nf6 5. Nc3 a6 6. Be3 Ng4 7. Bg5 h6 8. Bh4 g5 9. Bg3 Bg7 10. h3 Ne5
11. Qd2 Nbc6 12. O-O-O b5 13. Nf5 Bxf5 14. exf5 Na5 15. Qe1 O-O 16. h4 g4 17. Bxe5 Bxe5 18. Qe4 h5 19. Nd5 Kg7 20. f3 Rg8
21. fxg4 hxg4 22. Bd3 Kf8 23. h5 Rc8 24. h6 Nc4 25. c3 g3 26. f6 exf6 27. h7 Rh8 28. Qh4 f5 29. Qh6+ Bg7 30. Qf4 Be5
31. Qxf5
1-0

[Event "Sicilian Najdorf"]
[Site "SchemingMind.com"]
[Date "2009.06.18"]
[Round "-"]
[White "kiraly"]
[Black "acbrasileiro"]
[Result "0-1"]
[WhiteCountry "INT"]
[BlackCountry "BRA"]
[WhiteElo "2362"]
[WhiteRD "83"]
[BlackElo "2110"]
[BlackRD "80"]
[GameID "208578"]

1. e4 c5 2. Nf3 d6 3. d4 cxd4 4. Nxd4 Nf6 5. Nc3 a6 6. Be3 e6 7. f3 b5 8. Bd3 Nbd7 9. O-O Bb7 10. Qd2 Be7
11. a4 b4 12. Nce2 d5 13. Nf4 e5 14. Nfe6 fxe6 15. Nxe6 Qa5 16. Nxg7+ Kd8 17. exd5 Bxd5 18. Kh1 Rg8 19. Nf5 Bc5 20. Rad1 Be6
21. Rfe1 Bxe3 22. Nxe3 Rc8 23. Bf5 Bxf5 24. Nxf5 Qc5 25. Nd6 Rc7 26. Re2 Rg7 27. Qe1 Re7 28. Qg3 a5 29. Qg5 Qc6 30. b3 Ra7
31. f4 exf4 32. Rxe7 Kxe7 33. Re1+ Kxd6 34. Qxf4+ Kc5 35. Qf2+ Kd6 36. Qxa7 Qc5 37. Qa6+ Kc7 38. h3 h5 39. Qf1 Qc3 40. Kh2 Qc6
41. Qf2 Qd6+ 42. Qg3 h4 43. Qxd6+ Kxd6 44. g3 hxg3+ 45. Kxg3 Nb8 46. h4 Nc6 47. Kf4 Nd5+ 48. Kf5 Nde7+ 49. Ke4 Ke6 50. h5 Nf5
51. Kf4+ Kf6 52. Rg1 Nce7 53. Rd1 Nc6 54. Rd6+ Nxd6
0-1

[Event "Sicilian Najdorf"]
[Site "SchemingMind.com"]
[Date "2009.06.18"]
[Round "-"]
[White "goodknight"]
[Black "acbrasileiro"]
[Result "1-0"]
[WhiteCountry "POL"]
[BlackCountry "BRA"]
[WhiteElo "2254"]
[WhiteRD "71"]
[BlackElo "2057"]
[BlackRD "81"]
[GameID "208579"]

1. e4 c5 2. Nf3 d6 3. d4 cxd4 4. Nxd4 Nf6 5. Nc3 a6 6. Be3 e5 7. Nb3 Be6 8. f3 Nbd7 9. g4 Nb6 10. g5 Nh5
11. Qd2 Be7 12. O-O-O Rc8 13. Kb1 O-O 14. Rg1 g6 15. h4 Qc7 16. Qf2 Nc4 17. Bxc4 Bxc4 18. Bb6 Qd7 19. Nc5 Qc6 20. Nd3 Bxd3
21. Rxd3 Nf4 22. Nd5 Nxd5 23. Rxd5 f5 24. gxf6 Bxf6 25. Be3 Bg7 26. h5 gxh5 27. Qg2 Rf7 28. Rd2 Rcf8 29. Bh6 Qc7 30. Qg5 Kh8
31. Rdg2 Rg8 32. Qxh5 Qd7 33. Be3 Rf6 34. Qh4 Qf7 35. f4 Rh6 36. Qf2 Re6 37. f5 Ree8 38. Rh1 Bf6 39. Rg6 Qe7 40. Qd2 Rd8
41. Qd5 Rdf8 42. Bd2 Rxg6 43. fxg6 Bh4 44. gxh7 Bf2 45. Bh6 Rf7 46. Bg5 Qf8 47. Rf1 Rxh7 48. Qe6 Kg7 49. Be3
1-0